| 000 | 00625cam a2200205 4500500 | ||
|---|---|---|---|
| 005 | 20260329002959.0 | ||
| 041 | _afre | ||
| 042 | _adc | ||
| 100 | 1 | 0 |
_aTenaillon, Nicolas _eauthor |
| 245 | 0 | 0 | _aLes rêves cybernétiques de Norbert Wiener |
| 260 | _c2014. | ||
| 500 | _a78 | ||
| 690 | _aCybernétique | ||
| 690 | _aNucléaire | ||
| 690 | _aPierre Cassou-Noguès | ||
| 690 | _aScience | ||
| 690 | _aScience-fiction | ||
| 786 | 0 | _nPhilosophie magazine | 79 | 5 | 2014-05-01 | p. 78-78 | 1951-1787 | |
| 856 | 4 | 1 | _uhttps://shs.cairn.info/magazine-philosophie-magazine-2014-5-page-78?lang=fr&redirect-ssocas=7080 |
| 999 |
_c1820243 _d1820243 |
||